To the top end : (Record no. 8342)

MARC details
000 -LEADER
fixed length control field 01867cam a22003854a 4500
001 - CONTROL NUMBER
control field 8342
003 - CONTROL NUMBER IDENTIFIER
control field FISKH
005 - DATE AND TIME OF LATEST TRANSACTION
control field 20250909160936.0
008 - FIXED-LENGTH DATA ELEMENTS--GENERAL INFORMATION
fixed length control field 100707s2009 xnaab jr 000 1 eng
010 ## - LIBRARY OF CONGRESS CONTROL NUMBER
LC control number 2010474147
020 ## - INTERNATIONAL STANDARD BOOK NUMBER
International Standard Book Number 9781741758849
Qualifying information hbk
020 ## - INTERNATIONAL STANDARD BOOK NUMBER
International Standard Book Number 174175884X
Qualifying information hbk
035 ## - SYSTEM CONTROL NUMBER
System control number 16318650
040 ## - CATALOGING SOURCE
Original cataloging agency DLC
Transcribing agency DLC
Modifying agency DLC
Language of cataloging eng
050 ## - LIBRARY OF CONGRESS CALL NUMBER
Classification number PZ7.H26796 T
082 ## - DEWEY DECIMAL CLASSIFICATION NUMBER
Classification number 823.3
100 1# - MAIN ENTRY--PERSONAL NAME
Personal name Harvey, Roland.
245 10 - TITLE STATEMENT
Title To the top end :
Remainder of title our trip across Australia /
Statement of responsibility, etc. Roland Harvey.
250 ## - EDITION STATEMENT
Edition statement This paperback edition published in 2012
260 ## - PUBLICATION, DISTRIBUTION, ETC.
Place of publication, distribution, etc. Crows Nest :
Name of publisher, distributor, etc. Allen & Unwin,
Date of publication, distribution, etc. 2009.
300 ## - PHYSICAL DESCRIPTION
Extent 28 unnumbered pages :
Other physical details color illustrations ;
Dimensions 26 cm
500 ## - GENERAL NOTE
General note Maps on endpapers.
505 ## - FORMATTED CONTENTS NOTE
Formatted contents note J<br/>
520 ## - SUMMARY, ETC.
Summary, etc. "Henry, Penny, Frankie, Mum and Dad embark on their most exciting adventure yet - from Tassie to the very tip of the Top End. Travel with them on the ferry across Bass Strait to the mainland, through Kelly country, along the Murray, into the Flinders Ranges, underground at Coober Pedy, overhead at the Olgas, overland to the Great Sandy Desert, with the fishes at the Great Barrier Reef, deep into the Daintree, out to the islands, kayaking at Kakadu and finally frolicking on the beach at the very top."--Publisher description.
521 ## - TARGET AUDIENCE NOTE
Target audience note 500<br/>
Source Lexile estimate<br/>
521 ## - TARGET AUDIENCE NOTE
Target audience note J<br/>
Source Raz-Plus<br/>
650 #0 - SUBJECT ADDED ENTRY--TOPICAL TERM
Topical term or geographic name entry element Children's stories
Form subdivision Pictorial works.
651 #0 - SUBJECT ADDED ENTRY--GEOGRAPHIC NAME
Geographic name Australia
General subdivision Description and travel
Form subdivision Pictorial works
-- Juvenile fiction.
655 #7 - INDEX TERM--GENRE/FORM
Genre/form data or focus term Illustrated works.
Source of term lcgft
Authority record control number or standard number https://id.loc.gov/authorities/genreForms/gf2014026111
655 #7 - INDEX TERM--GENRE/FORM
Genre/form data or focus term Illustrated works.
Source of term lcgft
Authority record control number or standard number https://id.loc.gov/authorities/genreForms/gf2014026111
655 #7 - INDEX TERM--GENRE/FORM
Genre/form data or focus term Fiction.
Source of term lcgft
Authority record control number or standard number https://id.loc.gov/authorities/genreForms/gf2014026339
906 ## - LOCAL DATA ELEMENT F, LDF (RLIN)
a 7
b cbc
c origres
d 3
e ncip
f 20
g y-gencatlg
942 ## - ADDED ENTRY ELEMENTS (KOHA)
Source of classification or shelving scheme Dewey Decimal Classification
Koha item type Books
Suppress in OPAC No
Holdings
Withdrawn status Lost status Source of classification or shelving scheme Damaged status Not for loan Collection Home library Current library Shelving location Date acquired Total Checkouts Full call number Barcode Date last seen Date last checked out Copy number Price effective from Koha item type
    Dewey Decimal Classification     Juvenile Fiction Footprints International School Library Network Toul Tom Poung Campus Footprints International School Library Network Toul Tom Poung Campus TTP Primary Dark Blue Bookshelves 09/09/2025 1 HAR 823.3 PZ7.H26796 T FIS01868 02/12/2026 01/29/2026 1 09/09/2025 Books